000 00667nam a22001937a 4500
999 _c20284
_d20284
003 AR-CdUCM
008 190226b ||||| |||| 00| 0 spa d
040 _aMUNICIPALIDAD PROVINCIAL DEL CUSCO
_cBIBLIOTECA MUNICIPAL DEL CUSCO
082 _a498.51 /
_bP45
100 _aPerroud, Pedro Clemente
_94672
245 _aGramática quechua :
_bDialecto de Ayacucho /
260 _aLima :
_bTipografía y ofset peruana ;
_c1967.
300 _a139 páginas
_c21 cm
505 _aContenido: Notas históricas -- El alfabeto -- La acentuación -- El número...
650 _aQuechua
_92063
650 _aDialecto ayacuchano
_942396
942 _2ddc
_cLIBROS
945 _aAndy